Piłkarze o nazwiskach kończących się na "ne". - Statystyki

Ogólne statystyki
  • Ten quiz został rozwiązany 32 razy
  • Średni wynik to 8 z 14
Statystyki odpowiedzi
Kraj Rocznik Kariera
klubowa
Odpowiedź % Poprawnych
Anglia 1993 TottenhamBayern Monachium Harry Kane
91%
Senegal 1992 SouthamptonLiverpool Bayern Monachium Sadio Mane
91%
Niemcy 1996 Schalke 04Manchester City Bayern Monachium Leroy Sane
86%
Belgia 1991 ChelseaVfL Wolfsburg Manchester City Kevin De Bruyne
77%
Irlandia 1971 Nottingham ForestManchester United Roy Keane
73%
Francja 1972 Girondins BordeauxJuventus Turyn Real Madryt Zinedine Zidane
73%
Francja 1993 Real MadrytManchester United Raphael Varane
64%
Francja 1993 FC BarcelonaEverton Aston Villa Lucas Digne
45%
Włochy 1991 Napoli Lorenzo Insigne
36%
Argentyna 1970 Atletico MadrytInter Mediolan Lazio Diego Simeone
32%
Anglia 1967 TottenhamLazio Glasgow Rangers Paul Gascoigne
32%
Irlandia 1980 LeedsTottenham Liverpool Robbie Keane
32%
Belgia 1995 GenkAtalanta Bergamo Leicester Timothy Castagne
32%
Włochy 1969 AC MilanPSG AS Monaco Marco Simone
9%
Nie znaleziono quizów pasujących do podanych kryteriów
Rozkład punktacji
Procent ludzi z każdym wynikiem
Percentyl według liczby udzielonych odpowiedzi
Twoja historia wyników
Nie rozwiązałeś tego quizu